Themed Daily Trivia Challenge #3 - Statistics

General Stats
  • This quiz has been taken 28 times
  • The average score is 6 of 10
Answer Stats
Question Answer % Correct
Acacia trees are primarily eaten by what animal? Giraffes
82%
Where would someone be most likely to perform a "Death Valley Driver?" A professional wrestling ring
77%
Which British island is considered a "Channel Island?" Jersey
64%
"Simpsons" character Rainier Wolfcastle was a parody of who? Arnold Schwartzenegger
59%
Which video game is subtitled "Battle Royale?" Fortnite
59%
Which band recorded the 1987 album "The Joshua Tree?" U2
59%
Bryce Dallas Howard was in what movie franchise? Jurassic World
55%
Which city has NOT hosted the Olympics? Brussels
50%
The Cuyahoga River, near Cleveland, is famous for doing what? Catching fire
50%
Wrangel Island was home to the last specimens of which species? Mammoth
27%
No matching quizzes found
Score Distribution
Percent of People with Each Score
Percentile by Number Answered
Your Score History
You have not taken this quiz